| 000 | 00000nas 22000008a 4500 |
| 001 | 9.833839 |
| 003 | CaOODSP |
| 005 | 20200401091048 |
| 007 | ta |
| 008 | 170316c20159999onczr m o f0 a0eng|d |
| 022 | |y0821-8110 |
| 040 | |aCaOODSP|beng |
| 043 | |an-cn--- |
| 086 | 1 |aFA1-23E |
| 110 | 1 |aCanada. |bOffice of the Auditor General. |
| 245 | 10|aReports of the Auditor General of Canada. |
| 260 | |a[Ottawa] : |bOffice of the Auditor General of Canada, |c[2015]- |
| 310 | |a2 to 3 times a year |
| 362 | 0 |aSpring 2015- |
| 520 | 3 |aPresents the results of audits done this year by the Auditor General to provide objective information, advice, and assurance to Parliament, government, and Canadians. |
| 692 | 07|2gccst|aAudit |
| 775 | 08|tRapports du vérificateur général du Canada.|w(CaOODSP)9.834185 |
| 776 | 0#|tReports of the Auditor General of Canada |w(CaOODSP)9.811230 |
| 780 | 00|tReport of the Auditor General of Canada to the House of Commons.|w(CaOODSP)9.515730 |
| 785 | 00|tReports of the Auditor General of Canada to the Parliament of Canada.|w(CaOODSP)9.846696 |